The age of iron and the religious revolution c.700 - c.350 BC / (Record no. 179471)

MARC details
000 -LEADER
fixed length control field 00721nam a22002177a 4500
005 - DATE AND TIME OF LATEST TRANSACTION
control field 20210614163245.0
010 ## - LCCN (DPL NO)
LC control number B-740229
020 ## - INTERNATIONAL STANDARD BOOK NUMBER
International Standard Book Number 9788189487874
Terms of availability 230.00
035 ## - SYSTEM CONTROL NUMBER
System control number B-740229
037 ## - SOURCE OF ACQUISITION
Source of stock number/acquisition Gift
082 ## - DEWEY DECIMAL CLASSIFICATION NUMBER
Classification number 934.03
100 ## - MAIN ENTRY--PERSONAL NAME
Personal name Shrimali, Krishna Mohan
245 ## - TITLE STATEMENT
Title The age of iron and the religious revolution c.700 - c.350 BC /
Statement of responsibility, etc by Krishna Mohan Shrimali
260 ## - PUBLICATION, DISTRIBUTION, ETC. (IMPRINT)
Place of publication, distribution, etc Delhi
Name of publisher, distributor, etc Tulika Books
Date of publication, distribution, etc 2011
270 ## - ADDRESS
Address 35A/1, Shahpur Jat
City New Delhi
Postal code 110049
300 ## - PHYSICAL DESCRIPTION
Extent xiii, 160p.:
Other physical details ill.
Dimensions 24cm(pbk)
490 ## - SERIES STATEMENT
Series statement A People's History of India
Volume number/sequential designation 4
500 ## - GENERAL NOTE
General note include index
942 ## - ADDED ENTRY ELEMENTS (KOHA)
Source of classification or shelving scheme Dewey Decimal Classification
Item type English Books
Call number suffix IRF
Classification part 934.03
Holdings
Withdrawn status Lost status Not for loan Collection code Home library Current library Date acquired Source of acquisition Cost, normal purchase price Full call number Barcode Copy number Cost, replacement price Koha item type Public note
      Non-fiction Kadipur Kadipur 14/06/2021 Gift/Eng/02-06-2021 230.00 934.03 IRF B-740229 1 230.00 English Books Gift

© Delhi Public Library
Hit Counter
free hit counter